Izbrannyje pjesy dľa skripki i fortepiano 5.-7. klassy detskoj muzikaľnoj školy /

Uložené v:
Podrobná bibliografia
Hlavný autor: Prokofjev, Sergej Sergejevič, 1891-1953 (Composer)
Médium: Kniha
Jazyk:Russian
Vydané: Moskva : Muzyka, 1966.
Vydanie:1. izd.
ISBN: (brož.)
Fyzický popis: 31 s.
Tagy: Pridať tag
Žiadne tagy, Buďte prvý kto otaguje tento záznam!

MARC

LEADER 00000nam a2200000 a 4500
001 000118607
005 20100930215548.0
008 040101s1966 ru e 000 0 rus d
020 |a (brož.)  |c Kčs 5,50 
040 |a SVKKK  |b slo  |c SVKKK  |e AACR2 
041 0 |a rus 
044 |a ru  |c RU 
100 1 |a Prokofjev, Sergej Sergejevič,  |d 1891-1953  |4 cmp 
245 1 0 |a Izbrannyje pjesy dľa skripki i fortepiano  |h hudobnina  |b 5.-7. klassy detskoj muzikaľnoj školy /  |c Sergej S. Prokofjev. 
250 |a 1. izd. 
260 |a Moskva :  |b Muzyka,  |c 1966. 
300 |a 31 s. 
910 |a svkkk 
998 |a BK 
090 |g SCKHL  |k Sklad Pribinova 3. posch.  |a V.63833  |j 378113  |i 2720236425  |s Absenčne